History Quiz

Random History or Clickable Quiz

Major Events in 'Five' Years Quiz Stats

 Plays Quiz Updated Aug 19, 2018

Support Sporcle.
Go Orange.
Score 0/22 Timer 06:00
5 Plays Today
% Correct
1945
87.8%
2015
87.7%
1995
82.7%
2005
82.7%
1975
81.3%
1985
81.1%
1935
81.1%
1965
79.5%
1865
76.5%
1925
66.6%
1955
66.1%
% Correct
1915
59.3%
1815
58.8%
1905
56.3%
1805
54.1%
1845
42.9%
1895
37.9%
1835
33.5%
1855
31.9%
1885
29.7%
1825
27.8%
1875
25.6%

From the Vault

Word Flux

by dolebanana

This is what makes time travel possible!
Remove Ads.
Support Sporcle.
Get the best of Sporcle when you Go Orange. This ad-free experience offers more features, more stats, and more fun while also helping to support Sporcle. Thank you for becoming a member.

Show Comments

Extras

Top Quizzes Today


Score Distribution

Your Account Isn't Verified!

In order to create a playlist on Sporcle, you need to verify the email address you used during registration. Go to your Sporcle Settings to finish the process.

Report this User

Report this user for behavior that violates our Community Guidelines.

Details: